|
|
|
|
| LEADER |
00000nab#a22000007a#4500 |
| 001 |
arbauad023531 |
| 003 |
AR-BaUAD |
| 005 |
20250711112003.0 |
| 008 |
961121|||||||||###||||||b###|0###a|spa|| |
| 040 |
|
|
|a AR-BaUAD
|c AR-BaUAD
|b spa
|
| 245 |
1 |
0 |
|a Tres proyectos de restauración
|
| 300 |
0 |
|
|b il., plantas
|
| 653 |
|
|
|a PROYECTOS
|
| 653 |
|
|
|a RESTAURACION
|
| 653 |
|
|
|a PRESERVACION URBANA
|
| 653 |
|
|
|a ESPACIOS VERDES
|
| 653 |
|
|
|a ESPAÑA
|
| 653 |
|
|
|a BATLLE, ENRIC
|
| 653 |
|
|
|a ROIG, JOAN
|
| 653 |
|
|
|a URBANISMO
|
| 773 |
0 |
|
|t ON DISEÑO
|g no. 176 [1996], p. 182-185
|
| 942 |
|
|
|c ARTI
|
| 952 |
|
|
|0 0
|1 0
|4 0
|7 0
|9 68450
|a AR-BAuAD
|b AR-BAuAD
|d 2025-07-11
|l 0
|p AAQA023531
|r 2025-07-11 11:20:03
|w 2025-07-11
|y ARTI
|
| 990 |
|
|
|a AQ199
|b TD
|
| 998 |
|
|
|a AAQ
|b BIBUN76
|
| 999 |
|
|
|c 48123
|d 48123
|